[Event "Lansing op"]
[Site "Lansing"]
[Date "2001.09.02"]
[Round "4"]
[White "Gattinger, John"]
[Black "Sobh, Tarek"]
[Result "1-0"]
[WhiteElo "1192"]
[BlackElo "1291"]
[PlyCount "53"]
[EventDate "2001.08.31"]
[EventType "swiss"]
[EventRounds "7"]
[EventCountry "USA"]
[SourceTitle "EXT 2007"]
[Source "ChessBase"]
[SourceDate "2006.11.23"]
[SourceVersion "1"]
[SourceVersionDate "2006.11.23"]
[SourceQuality "1"]

1. d4 d5 2. c4 c6 3. Nc3 e6 4. Nf3 f6 5. a3 Be7 6. cxd5 exd5 7. Bf4 Bd6 8. Bxd6 Qxd6 9. e3 Ne7 10. Be2 0-0 11. 0-0 Be6 12. Qb3 Qc7 13. e4 Nd7 14. Qc2 Ng6 15. Bd3 Nf4 16. exd5 Nxd3 17. dxe6 N7c5 18. dxc5 Nxc5 19. Rfe1 Qe7 20. b4 Nxe6 21. Qb3 Qf7 22. Qxe6 Qxe6 23. Rxe6 f5 24. Rd1 f4 25. Rd7 Rab8 26. Ree7 c5 27. Rxg7+ 1-0

[Event "Romulus op"]
[Site "Romulus"]
[Date "2000.09.03"]
[Round "3"]
[White "Gurski, Erin"]
[Black "Sobh, Tarek"]
[Result "0-1"]
[WhiteElo "576"]
[BlackElo "1196"]
[PlyCount "62"]
[EventDate "2000.09.01"]
[EventType "swiss"]
[EventRounds "7"]
[EventCountry "USA"]
[SourceTitle "EXT 2007"]
[Source "ChessBase"]
[SourceDate "2006.11.23"]
[SourceVersion "1"]
[SourceVersionDate "2006.11.23"]
[SourceQuality "1"]

1. e4 c5 2. Nf3 Nc6 3. Bc4 a6 4. Ng5 e6 5. Nf3 d5 6. exd5 exd5 7. Be2 Be6 8. d3 Be7 9. Bf4 Nf6 10. Nc3 0-0 11. 0-0 Nh5 12. Be3 d4 13. Bxd4 cxd4 14. Nxd4 Nxd4 15. Bxh5 g6 16. Be2 Qd6 17. Ne4 Qe5 18. Re1 Qg7 19. Nc5 Bxc5 20. Qd2 Nxe2+ 21. Rxe2 b6 22. Qc3 Bd4 23. Qc6 a5 24. Rb1 Qf6 25. Kf1 Rad8 26. c3 Be5 27. Qxb6 Bxa2 28. Rbe1 Qxb6 29. Rxe5 Qxb2 30. Rxa5 Rxd3 31. c4 Bxc4 0-1

[Event "Romulus op"]
[Site "Romulus"]
[Date "2000.09.02"]
[Round "2"]
[White "Carr, Jay A"]
[Black "Sobh, Tarek"]
[Result "1/2-1/2"]
[WhiteElo "1600"]
[BlackElo "1196"]
[PlyCount "75"]
[EventDate "2000.09.01"]
[EventType "swiss"]
[EventRounds "7"]
[EventCountry "USA"]
[SourceTitle "EXT 2007"]
[Source "ChessBase"]
[SourceDate "2006.11.23"]
[SourceVersion "1"]
[SourceVersionDate "2006.11.23"]
[SourceQuality "1"]

1. c4 e5 2. Nc3 Nf6 3. g3 Bb4 4. Bg2 c6 5. e3 Bxc3 6. dxc3 Na6 7. Ne2 Nc5 8. Qc2 d6 9. e4 Be6 10. b3 Ng8 11. Be3 Ne7 12. 0-0 Nd7 13. Rad1 Nb6 14. c5 Nd7 15. Rxd6 0-0 16. Rfd1 Qc7 17. c4 h6 18. b4 a6 19. f4 Nc8 20. R6d2 f6 21. f5 Bf7 22. Rxd7 Qb8 23. Rd8 Rxd8 24. Rxd8+ Kh7 25. g4 Qc7 26. Rd2 b5 27. cxb6 Nxb6 28. c5 Nc4 29. Rd3 a5 30. a3 axb4 31. axb4 Qb7 32. Bd2 Nxd2 33. Qxd2 Ra1+ 34. Kf2 Qa6 35. Nc1 Rxc1 36. Qxc1 Qxd3 37. Qe1 Qd4+ 38. Kf3 1/2-1/2

[Event "Romulus op"]
[Site "Romulus"]
[Date "2000.09.01"]
[Round "1"]
[White "Sobh, Tarek"]
[Black "Griffin, John P"]
[Result "1/2-1/2"]
[WhiteElo "1196"]
[BlackElo "1610"]
[PlyCount "100"]
[EventDate "2000.09.01"]
[EventType "swiss"]
[EventRounds "7"]
[EventCountry "USA"]
[SourceTitle "EXT 2007"]
[Source "ChessBase"]
[SourceDate "2006.11.23"]
[SourceVersion "1"]
[SourceVersionDate "2006.11.23"]
[SourceQuality "1"]

1. e4 c5 2. Nf3 Nc6 3. Bb5 Nd4 4. Nxd4 cxd4 5. c3 a6 6. Bd3 dxc3 7. dxc3 e6 8. Be3 d5 9. e5 Qc7 10. Bd4 Bc5 11. Bxc5 Qxc5 12. Qg4 Qf8 13. 0-0 g6 14. Nd2 Ne7 15. Nf3 Qg7 16. Rfe1 0-0 17. Qh4 Bd7 18. Qxe7 f5 19. Qxg7+ Kxg7 20. Nd4 Rac8 21. Rac1 Rc7 22. f4 Rb8 23. a4 Kf7 24. b3 Rbc8 25. c4 dxc4 26. Bxc4 Ke7 27. Red1 b5 28. axb5 axb5 29. Rc3 bxc4 30. Rdc1 Kd8 31. bxc4 Ke7 32. c5 Bc6 33. g3 Bd5 34. c6 Rb8 35. h4 Rb4 36. Rd1 Rb6 37. Rdc1 Rb4 38. Rd3 Rb6 39. Rdc3 Rb4 40. Nc2 Rb6 41. Nd4 Rb4 42. Rd1 Rb6 43. Rdc1 Rb4 44. Rd3 Rb6 45. Rdc3 Rb4 46. Rd1 Rb6 47. Rdc1 Rb4 48. Nf3 Rb6 49. Nd4 Rb4 50. Rd3 Rb6 1/2-1/2